| 000 | 05591nam a2200577 4500 | ||
|---|---|---|---|
| 005 | 20060203094649.0 | ||
| 008 | 700901s1970 enk b 101 0 eng | ||
| 010 | _aB-268580-609 | ||
| 020 |
_a9788123746968 _c35.00 |
||
| 035 | _aB-268580-609 | ||
| 040 |
_adpl _bEnglish |
||
| 082 | _a954.0842 | ||
| 100 | _aSingh, Anita Inder | ||
| 245 |
_aThe Partition of India / _cby Anita Inder Singh |
||
| 260 |
_aNew Delhi _bNational Book Trust _c2007(repr.). |
||
| 300 |
_a91p. _c22 cm (pbk) |
||
| 490 | _aPopular social science | ||
| 650 |
_aMuslims _zIndia. |
||
| 942 |
_2ddc _cEN _h954.0842 _mSIN |
||
| 999 |
_c16771 _d16771 |
||